Europe, North Africa, and the Middle East.

Bibliographic Details
Corporate Author: United States. Central Intelligence Agency
Format: Government Document Map
Language:English
Published: [Washington, D.C.?] : [Central Intelligence Agency], [1998]
Subjects:

MARC

Tag First Indicator Second Indicator Subfields
LEADER 00000cem a2200000 a 4500
001 in00000002716
005 20151007050752.0
007 aj canzn
008 990111s1998 dcu cc a f 0 eng
010 |a  98689758  
019 |a 40816366 
029 1 |a NZ1  |b 2438741 
029 1 |a AU@  |b 000014225001 
034 1 |a a  |b 34000000  |d W0500000  |e E0720000  |f N0750000  |g N0120000 
035 |a (OCoLC)ocm40229343 
035 |a (OCoLC) 
035 |a 40229343 
035 |9 AJD7631AM 
035 |a (OCoLC)40229343  |z (OCoLC)40816366 
040 |a DLC  |c DLC  |d GPO  |d OCL  |d OCLCQ  |d TXA  |d UtOrBLW 
043 |a xa-----  |a e------  |a ff-----  |a aw----- 
049 |a TXAM 
050 0 0 |a G5670 1998  |b .U5 
052 |a 5670 
052 |a 5700 
052 |a 8220 
052 |a 7420 
074 |a 0856-A-01 
086 0 |a PREX 3.10/4:EU 7/18 
090 |a G5701.F1 1998  |b .U5 
110 1 |a United States.  |b Central Intelligence Agency. 
245 1 0 |a Europe, North Africa, and the Middle East. 
255 |a Scale 1:34,000,000 ;  |b Lambert conformal conic proj., SP 21N/69N  |c (W 50⁰--E 72⁰/N 75⁰--N 12⁰). 
264 1 |a [Washington, D.C.?] :  |b [Central Intelligence Agency],  |c [1998] 
300 |a 1 map :  |b color ;  |c 17 x 23 cm. 
336 |a cartographic image  |b cri  |2 rdacontent 
337 |a unmediated  |b n  |2 rdamedia 
338 |a sheet  |b nb  |2 rdacarrier 
500 |a Countries area-tinted. 
500 |a Includes notes. 
500 |a Shipping list number: 99-0093-P. 
500 |a "802604 (R02640) 9-98." 
500 |a Shipping List #: 99-0093-P 
500 |a Shipping List Date: 01/05/99 
500 |a Cartographic material. 
651 0 |a Eastern Hemisphere  |v Maps. 
651 0 |a Europe  |v Maps. 
651 0 |a Africa, North  |v Maps. 
651 0 |a Middle East  |v Maps. 
994 |a C0  |b TXA 
999 |a MARS 
999 f f |s 2ff01f9d-5558-351c-a62e-675972bc9c5d  |i 3526f863-5e0d-30aa-bf79-7577e284481f  |t 0 
952 f f |p normal  |a Texas A&M University  |b College Station  |c Sterling C. Evans Library  |d Evans: Maps (2nd floor)  |t 0  |e G5701.F1 1998 .U5  |h Library of Congress classification  |i unmediated -- sheet  |m A14824667724 
998 f f |a G5701.F1 1998 .U5  |t 0  |l Evans: Maps (2nd floor)